000 00326 a2200145 4500
001 150663
040 _cEscola São Tomás de Aquino
100 _aROCHA, Tânia
240 1 0 _aJogos matemáticos
_lpor
245 1 0 _aJogos matemáticos
300 _a75
440 1 _aEditora do Brasil
697 _aMATEMÁTICA
942 _cBK
999 _c150663
_d150663